000 00943nam a22002417a 4500
008 240608b mp ||||| |||| 00| 0 mon d
020 _a978-99973-1-593-9
035 _a17162
040 _aDU1548031
_bmon
_cMN-UlNLM
_dMN-UlNLM
_erda
041 _amon
042 _a41594
084 _2NNA
_a84(4ИхБр)
_bК-92
100 _aКинни Ж.
245 0 _aЭцсийн найдвар
264 _aУлаанбаатар
_bАдмон ХХК
_c2018
300 _a247
336 _2rdacontent
_atext
_btxt
337 _2rdamedia
_aunmediated
_bn
338 _2rdacarrier
_avolume
_bnc
490 _aДүрсгүй жаалын өдрийн тэмдэглэл
_v6
650 _aДунд сургуульд тохиолдсон адал явдлын тухай Грегийн тэмдэглэл. Сахлаа өдөрт 2 удаа хусах шаардлагатай томоохон биетэй хөвгүүдийн...
942 _2NNA
_cBK
999 _c842063
_d842120